000 00574nam a22001937a 4500
003 OSt
005 20220107122805.0
008 150915b xxu||||| |||| 00| 0 eng d
040 _cIIITMK
082 _a005.1 GOD/S
100 _aGodbole, Nina S.
_97732
245 _aSoftware quality assurance:
_bPrinciples and practice
_cby Godbole, Nina S.
260 _aNew Delhi,
_bNarosa Publishing House,
_c2012.
300 _axvi, 419p.
650 _aCOMPUTER SCIENCE
_97733
650 _aQUALITY ASSURANCE
_97734
650 _aSOFTWARE QUALITY ASSURANCE
_97735
942 _2ddc
_cBK
999 _c4822
_d4822